La Philosophie. Tome 2: De Galilée a Jean - Jacques Rousseau
Gespeichert in:
| 1. Verfasser: | |
|---|---|
| Format: | Buch |
| Sprache: | French |
| Veröffentlicht: |
París, Francia
Marabout
1972
|
| Schlagworte: | |
| Tags: |
Tag hinzufügen
Keine Tags, Fügen Sie den ersten Tag hinzu!
|
MARC
| LEADER | 00000nam a2200000Ia 4500 | ||
|---|---|---|---|
| 008 | 170316s9999 xx 000 0 fre d | ||
| 040 | |a cru BVZT | ||
| 090 | |a H-100 CH-1phg | ||
| 100 | |a Châtelet, François | ||
| 245 | |a La Philosophie. Tome 2: De Galilée a Jean - Jacques Rousseau |c Châtelet, François, director | ||
| 260 | |a París, Francia | ||
| 260 | |b Marabout | ||
| 260 | |c 1972 | ||
| 300 | |a 347 páginas. Tomo 2 | ||
| 650 | |a FILOSOFÍA |9 5 | ||
| 650 | |a GALILEO | ||
| 650 | |a ROUSSEAU JEAN - JACQUES | ||
| 650 | |a ESTÁ EN IDIOMA FRANCÉS | ||
| 650 | |a THOMAS MÜNTZER | ||
| 650 | |a NICOLÁS DE CUES | ||
| 650 | |a DESCARTES | ||
| 650 | |a SPINOZA | ||
| 650 | |a LEIBNIZ | ||
| 650 | |a JOHN LOCKE | ||
| 650 | |a BERKELEY | ||
| 650 | |a HUME | ||
| 650 | |a FILOSOFÍA FRANCESA - SIGLO XVIII | ||
| 999 | |c 28898 |d 28898 | ||
| 942 | |c LIB |h H-100 CH-1phg |2 z | ||
